000 00799nam a22002295i 4500
001 152992
003 ES-MaACL
005 20240611114213.0
008 961004s1779 sp |||| | spa d
040 _aCAM
_bspa
_cCAM
110 2 _aCartujos.
_9134223
245 1 0 _aRespuesta de los tres señores Fiscales del Consejo en el expediente consultivo de las Cartujas de España.
260 _aMadrid :
_bde orden del Consejo en la Imprenta de Pedro Marin,
_c1779.
300 _a[4], 181 p. ;
_c4º.
597 1 _aSign.: A-S\p4\s, T\p3\s, V-Z\p4\s, 2A\p2\s.
597 1 _aLas pp. 145-146, h. pleg.
597 1 _aPort. con esc. xil. real.
650 4 _910811
_aCartujos
852 _aES-MaACL
_jR-350
_z-- Enc. pasta española
_d-- Olim: G-460
942 _2udc
999 _c152992
_d152992